| 000 | 00382nam a2200145Ia 4500 | ||
|---|---|---|---|
| 008 | 151213s9999 xx 000 0 und d | ||
| 100 | _aAmit Chaudhury | ||
| 245 |
_aThe Picador Book of Modern Indian Literature _cAmit Chaudhury |
||
| 260 |
_aIndia _bPieador India _c1988 |
||
| 300 | _a3161 p. | ||
| 650 | _aEnglish | ||
| 650 | _aEnglish | ||
| 700 | _aAmit Chaudhury | ||
| 999 |
_c2186 _d2186 |
||